000 00485nam a2200181Ia 4500
005 20250923144344.0
008 008 250917s9999 xx 000 0 eng d
037 _aTextual
040 _aDSWL
_beng
_cDSWL
041 _aeng
_2eng
084 _aSM9, N49
_qDSWL
100 _aGlover, Edward
_9824024
245 0 _aPsycho-Analysis
_cby Edward Glover
260 _aNew York
_c1949
300 _a336 p.
942 _cTEXL
_hSM9, N49
999 _c1437828
_d1437828